| Tag |
First Indicator |
Second Indicator |
Subfields |
| LEADER |
00000cam a2200000 a 4500 |
| 001 |
in00001069641 |
| 005 |
20150929095819.0 |
| 008 |
890109s1988 txub b s00000 eng d |
| 035 |
|
|
|a (OCoLC)18993772
|
| 035 |
|
|
|9 AFN6711AM
|
| 040 |
|
|
|a IKM
|c IKM
|d UtOrBLW
|
| 049 |
|
|
|a IKMD
|
| 086 |
|
|
|a W600.7 R299 no.310
|2 txdocs
|
| 099 |
|
9 |
|a W600.7
|a R299
|a no.310
|
| 245 |
0 |
0 |
|a Records of wells, drillers' logs, water-level measurements, and chemical analyses of ground water in Harris and Galveston counties, Texas, 1980-84 /
|c by James F. Williams, III [and others].
|
| 264 |
|
1 |
|a Austin, Tex. :
|b Texas Water Development Board,
|c [1988]
|
| 300 |
|
|
|a v, 247 pages :
|b 2 maps ;
|c 28 cm.
|
| 336 |
|
|
|a text
|b txt
|2 rdacontent
|
| 337 |
|
|
|a unmediated
|b n
|2 rdamedia
|
| 338 |
|
|
|a volume
|b nc
|2 rdacarrier
|
| 490 |
1 |
|
|a Report ;
|v 310
|
| 500 |
|
|
|a "Prepared by the U.S. Geological Survey under cooperative agreement with the Texas Water Development Board, the city of Houston, and the Harris-Galveston Coastal Subsidence District."
|
| 504 |
|
|
|a Bibliography: page 247.
|
| 650 |
|
0 |
|a Groundwater
|z Texas
|z Harris County.
|
| 650 |
|
0 |
|a Groundwater
|z Texas
|z Galveston County.
|
| 650 |
|
0 |
|a Borings
|z Texas
|z Harris County.
|
| 650 |
|
0 |
|a Borings
|z Texas
|z Galveston County.
|
| 700 |
1 |
|
|a Williams, James Frank,
|d 1944-
|
| 710 |
2 |
|
|a Texas Water Development Board.
|
| 710 |
2 |
|
|a Geological Survey (U.S.)
|
| 710 |
1 |
|
|a Houston (Tex.)
|
| 710 |
2 |
|
|a Harris-Galveston Coastal Subsidence District (Tex.)
|
| 830 |
|
0 |
|a Report (Texas Water Development Board : 1986) ;
|v 310.
|
| 999 |
|
|
|a MARS
|
| 999 |
f |
f |
|s ae5bd45c-2b34-3094-aac6-84f29bb425ae
|i 9f708a89-1a8f-3903-ab8b-d08d1e937c9f
|t 0
|
| 952 |
f |
f |
|p normal
|a Texas A&M University
|b College Station
|c Sterling C. Evans Library
|d Evans: Texas Documents (Annex 5th floor)
|t 0
|e W600.7 R299 no.310
|h Superintendent of Documents classification
|i unmediated -- volume
|m A14814164669
|
| 952 |
f |
f |
|p normal
|a Texas A&M University
|b Galveston Campus
|c Jack K. Williams Library
|d Galveston Stacks
|t 0
|e TD224.T4 R43 H3
|g 1987GBAY
|h Library of Congress classification
|i unmediated -- volume
|m 33620000781589
|
| 998 |
f |
f |
|a W600.7 R299 no.310
|t 0
|l Evans: Texas Documents (Annex 5th floor)
|
| 998 |
f |
f |
|a TD224.T4 R43 H3
|t 0
|l Galveston Stacks
|